• 首页
  • 本馆介绍
  • 公告通知
  • 最新文献
  • 馆藏检索
  • 电子资源
  • 读者导购
  • 参考咨询
  • 我的图书馆
  • 登录
  • 详细信息显示
  • 放入我的书架
  • 预约/预借图书
  • 作者相关作品
  • 分类相关作品
  • 丛书相关作品
  • 出版社相关作品

书目信息

  • 表格格式
  • 工作单格式
  • 卡片格式
题名:
工程流体力学
    
 
作者: 杨树人等 主编
分册:  
出版信息: 北京   石油工业出版社  2006
页数: 233页
开本: 26cm
丛书名:
单 册:
中图分类: TB126
科图分类:
主题词: 工程力学:流体力学--教材--高等学校
电子资源:
ISBN: 7-5021-5477-9
000 00774nam0 2200229 450
001 309
005 20160905101353.93
010    @a7-5021-5477-9@dCNY22.00
100    @a20060406d2006 em y0chiy0120 ea
101 0  @achi
102    @aCN@b110000
105    @ay z 000yy
200 1  @a工程流体力学@f杨树人等主编@9gong cheng liu ti li xue
210    @a北京@c石油工业出版社@d2006
215    @a233页@d26cm
300    @a高等院校石油天然气类规划教材
330    @a本书包括绪论、流体静力学、流体动力学、流体运动学、量刚分析与相似原理、粘性流体动力学基础、压力管路、平面势流和气体动力学。
606 0  @a工程力学:流体力学@j教材@x高等学校
690    @aTB126@v4
701  0 @a杨树人等@4主编@9yang shu ren deng
801  0 @aCN@b唐山师范学院图书馆@c20160721
905    @aZUCC@dTB126@e161
    
    工程流体力学/杨树人等主编.-北京:石油工业出版社,2006
    233页;26cm
    高等院校石油天然气类规划教材
    
    ISBN 7-5021-5477-9:CNY22.00
    本书包括绪论、流体静力学、流体动力学、流体运动学、量刚分析与相似原理、粘性流体动力学基础、压力管路、平面势流和气体动力学。
●
相关链接 在E读中查询图书 在五车中查询图书 在当当中查询图书 在豆瓣中查询图书


正题名:工程流体力学     索取号:TB126/161         预约/预借

序号 登录号 条形码 馆藏地/架位号 状态 备注
1 901303   209013039   第二样本阅览室/ [索取号:TB126/161] 在馆    
2 901304   209013048   密集书库-物理学院/ [索取号:TB126/161] 在馆    
3 901305   209013057   第三借阅区/ [索取号:TB126/161] 在馆    
4 901306   209013066   第三借阅区/ [索取号:TB126/161] 在馆    
5 901307   209013075   第三借阅区/ [索取号:TB126/161] 在馆    
唐山师范学院图书馆 欢迎您!
大连网信软件有限公司© 版权所有